| 000 | 01012nam a2200265 a 4500 | ||
|---|---|---|---|
| 001 | 000025018 | ||
| 003 | OSt | ||
| 005 | 20240412074251.0 | ||
| 008 | 110209s1982 dr 000 j spa d | ||
| 040 |
_aDO-SdBNP _bspa _cBNPHU |
||
| 082 |
_aRD863.44 _bC697c 1982 |
||
| 100 | 1 |
_aCollado, Lipe, _d1947- _979819 |
|
| 245 | 1 | 0 |
_aCuentos de guerra de paz / _cFelipe Collado. |
| 250 | _a2a. ed. | ||
| 260 |
_aSanto Domingo : _bAlfa y Omega, _c1982. |
||
| 300 |
_a107 p. ; _c18 cm. |
||
| 500 | _aselección antológica de relatos del autor | ||
| 505 | 0 |
_tLa fuerza narrativa de Lipe / _rEnrique Tarazona -- _tAhora fue en Bermejo -- _tEl triunfo del General -- _tQue no, que no, que no ... -- _tLa trama -- _tEleuterio Bravos -- _tSi yo tuviera un bote ... |
|
| 590 | _aInventariado, 2020/LP | ||
| 600 | 1 | 4 |
_aCollado, Lipe, _d1947- _xCrítica e interpretación _951350 |
| 650 | 0 |
_aCuentos dominicanos _9176 |
|
| 650 | 0 |
_aLiteratura dominicana. _967 |
|
| 910 | _aValidado. Control de calidad MMOLINA | ||
| 942 |
_2ddc _cLF1 |
||
| 999 |
_c24511 _d24511 |
||